ბათუმის შოთა რუსთაველის სახელმწიფო უნივერსიტეტის ბიბლიოთეკა

ორგანოების და სისტემების პათოფიზიოლოგია (ბიბ.ჩანაწერი № 62113)

000 -ლიდერი
ფიქსირებული სიგრძის საკონტროლო ველი 01448nam a22002537a 4500
003 - საკონტროლო ნომრის იდენტიფიკატორი
საკონტროლო ველი Ge_BSU
005 - ბოლო ოპერაციის თარიღი და დრო
საკონტროლო ველი 20240715132343.0
008 - ფიქსირებული სიგრძის მონაცემთა ელემენტები - ზოგადი ინფორმაცია
ფიქსირებული სიგრძის საკონტროლო ველი 240715s2012 ge ||||| |||| 00| 0 geo d
020 ## - წიგნის საერთაშორისო სტანდარტული ნომერი
International Standard Book Number 9992876123
041 ## - ენის კოდი
Language code of text/sound track or separate title geo
080 ## - უნივერსალური ათობითი კლასიფიკაციის ინდექსი
Universal Decimal Classification number 616-092(075.8)ყ-56
100 ## - მთავარი ჩანაწერი - პიროვნების სახელი
Personal name ყიფიანი, ვახტანგ
Relator term ავტორი.
9 (RLIN) 7955
245 ## - ცნობა სათაურის შესახებ
Title ორგანოების და სისტემების პათოფიზიოლოგია
Remainder of title (პათოლოგიურ ფიზიოლოგიაში სახელმძღვანელოს მე-2 ნაწილი /
Statement of responsibility, etc ვახტანგ ყიფიანი ; [სამეცნ. რედ. ირინე კვაჭაძე] ;
264 ## - წარმოების, გამოცემის, დისტრიბუციის და სხვა ცნობები
გამოცემის, წარმოების, დისტრიბუციის... ადგილი თბილისი,
გამოცემის, წარმოების, დისტრიბუციის... თარიღი 2012.
300 ## - ფიზიკური აღწერა
Extent 574 გვ:.
Other physical details 29 სმ.
501 ## - შენიშვნა თანმხლებ მასალაზე
With note საგნობრივი საძ.გვ; 560-571
504 ## - BIBLIOGRAPHY, ETC. NOTE
Bibliography, etc ბიბლიოგრაფ.გვ: 572-574
653 ## - INDEX TERM--UNCONTROLLED
Uncontrolled term პათოფიზიოლოგია.
653 ## - INDEX TERM--UNCONTROLLED
Uncontrolled term ზოგადი პათოფიზიოლოგია
653 ## - INDEX TERM--UNCONTROLLED
Uncontrolled term [სახელმძღვანელო უმაღლ. სამედ. სასწ. სტუდენტებისათვის].
653 ## - INDEX TERM--UNCONTROLLED
Uncontrolled term მედიცინა
700 ## - ADDED ENTRY--PERSONAL NAME
Personal name კვაჭაძე, ირინე
Relator term სამეცნიერო რედაქტორი
9 (RLIN) 22826
942 ## - ADDED ENTRY ELEMENTS (KOHA)
Source of classification or shelving scheme
Koha item type წიგნი
ეგზემპლარები
ჩამოწერის სტატუსი დაკარგული ეგზემპლარის სტატუსი კლასიფიკაციის წყარო ან თაროზე გაწყობის სქემა დაზიანების სტატუსი არ გაიცემა მუდმივი მდებარეობა (დაცვის ადგილი) ამჟამინდელი ადგილსამყოფელი თაროზე განთავსების ადგილი შეძენის თარიღი ღირებულება, შესყიდვის ნორმალური ფასი სრული შენახვის შიფრი შტრიხკოდი ბოლო ოპერაციის თარიღი ეგზემპლარის მიმდევრობითი ნომერი (კეტერი?) ფასის ძალაში შესვლის თარიღი ეგზემპლარის სახეობა საჯარო შენიშვნა
          ბათუმის შოთა რუსთაველის სახელმწიფო უნივერსიტეტის მთავარი ბიბლიოთეკა ბათუმის შოთა რუსთაველის სახელმწიფო უნივერსიტეტის მთავარი ბიბლიოთეკა წიგნსაცავი 2024-07-15 49.00 616-092(075.8) ყ-56 68748 2024-07-15 68748 2024-07-15 წიგნი 49.00
          ბათუმის შოთა რუსთაველის სახელმწიფო უნივერსიტეტის მთავარი ბიბლიოთეკა ბათუმის შოთა რუსთაველის სახელმწიფო უნივერსიტეტის მთავარი ბიბლიოთეკა წიგნსაცავი 2024-07-15 49.00 616-092(075.8) ყ-56 68749 2024-07-15 68749 2024-07-15 წიგნი 49.00